ბათუმის შოთა რუსთაველის სახელმწიფო უნივერსიტეტის ბიბლიოთეკა

საერთაშორისო ტურიზმი (ბიბ.ჩანაწერი № 41873)

000 -LEADER
fixed length control field 00778nam a2200229Ia 4500
001 - CONTROL NUMBER
control field 8556
003 - CONTROL NUMBER IDENTIFIER
control field GE_BSU
008 - FIXED-LENGTH DATA ELEMENTS--GENERAL INFORMATION
fixed length control field 181216s||||||||xx |||||||||||||| ||und||
020 ## - INTERNATIONAL STANDARD BOOK NUMBER
International Standard Book Number 9789941434532
040 ## - CATALOGING SOURCE
Transcribing agency GE_BSU
080 ## - UNIVERSAL DECIMAL CLASSIFICATION NUMBER
Universal Decimal Classification number 338.48(100)(075.8)
100 ## - MAIN ENTRY--PERSONAL NAME
Personal name ქათამაძე,დავით. ქათამაძე,გულიკო
245 ## - TITLE STATEMENT
Title საერთაშორისო ტურიზმი
245 ## - TITLE STATEMENT
Statement of responsibility, etc. რედ.როსტომ ბერიძე
260 ## - PUBLICATION, DISTRIBUTION, ETC.
Place of publication, distribution, etc. თბილისი
260 ## - PUBLICATION, DISTRIBUTION, ETC.
Name of publisher, distributor, etc. შოთა რუსთაველის სახ. უნ–ტი
260 ## - PUBLICATION, DISTRIBUTION, ETC.
Date of publication, distribution, etc. 2013
300 ## - PHYSICAL DESCRIPTION
Extent 904გვ.21სმ
653 ## - INDEX TERM--UNCONTROLLED
Uncontrolled term საერთაშორისო ტურიზმი
942 ## - ADDED ENTRY ELEMENTS (KOHA)
Koha item type წიგნი
ეგზემპლარები
Withdrawn status Lost status Damaged status Not for loan Date acquired Barcode Date last seen Price effective from Koha item type
        2018-12-17 30835 2018-12-17 2018-12-17 წიგნი
        2018-12-17 30836 2018-12-17 2018-12-17 წიგნი
        2018-12-17 30837 2018-12-17 2018-12-17 წიგნი
        2018-12-17 30838 2018-12-17 2018-12-17 წიგნი
        2018-12-17 30839 2018-12-17 2018-12-17 წიგნი
        2018-12-17 30840 2018-12-17 2018-12-17 წიგნი
        2018-12-17 30841 2018-12-17 2018-12-17 წიგნი
        2018-12-17 30842 2018-12-17 2018-12-17 წიგნი
        2018-12-17 30843 2018-12-17 2018-12-17 წიგნი
        2018-12-17 30844 2018-12-17 2018-12-17 წიგნი
        2018-12-17 30845 2018-12-17 2018-12-17 წიგნი
        2018-12-17 30846 2018-12-17 2018-12-17 წიგნი
        2018-12-17 30847 2018-12-17 2018-12-17 წიგნი
        2018-12-17 30848 2018-12-17 2018-12-17 წიგნი
        2018-12-17 30849 2018-12-17 2018-12-17 წიგნი
        2018-12-17 30850 2018-12-17 2018-12-17 წიგნი
        2018-12-17 30851 2018-12-17 2018-12-17 წიგნი
        2018-12-17 30852 2018-12-17 2018-12-17 წიგნი
        2018-12-17 30854 2018-12-17 2018-12-17 წიგნი
        2018-12-17 30855 2018-12-17 2018-12-17 წიგნი
        2018-12-17 30856 2018-12-17 2018-12-17 წიგნი
        2018-12-17 30857 2018-12-17 2018-12-17 წიგნი
        2018-12-17 30858 2018-12-17 2018-12-17 წიგნი
        2018-12-17 30859 2018-12-17 2018-12-17 წიგნი
        2018-12-17 30860 2018-12-17 2018-12-17 წიგნი
        2018-12-17 30861 2018-12-17 2018-12-17 წიგნი
        2018-12-17 30862 2018-12-17 2018-12-17 წიგნი
        2018-12-17 30863 2018-12-17 2018-12-17 წიგნი
        2018-12-17 30864 2018-12-17 2018-12-17 წიგნი
        2018-12-17 30865 2018-12-17 2018-12-17 წიგნი
        2018-12-17 30866 2018-12-17 2018-12-17 წიგნი
        2018-12-17 30867 2018-12-17 2018-12-17 წიგნი
        2018-12-17 30868 2018-12-17 2018-12-17 წიგნი
        2018-12-17 30869 2018-12-17 2018-12-17 წიგნი
        2018-12-17 30870 2018-12-17 2018-12-17 წიგნი
        2018-12-17 30871 2018-12-17 2018-12-17 წიგნი
        2018-12-17 30872 2018-12-17 2018-12-17 წიგნი
        2018-12-17 30873 2018-12-17 2018-12-17 წიგნი
        2018-12-17 30874 2018-12-17 2018-12-17 წიგნი
        2018-12-17 30875 2018-12-17 2018-12-17 წიგნი
        2018-12-17 30876 2018-12-17 2018-12-17 წიგნი
        2018-12-17 30877 2018-12-17 2018-12-17 წიგნი
        2018-12-17 30878 2018-12-17 2018-12-17 წიგნი
        2018-12-17 30879 2018-12-17 2018-12-17 წიგნი
        2018-12-17 30853 2018-12-17 2018-12-17 წიგნი